000 00649nam a22001697a 4500
005 20251108165407.0
008 250721s1986 xx 000 0 ara d
082 1 4 _aم/016.2111/مجم
245 1 0 _aالفهرس الشامل للتراث العربي الإسلامي :
_bالكشافات العامه للاجزاء /
264 1 _aعمان :
_bالمجمع،
_c1986.
300 _a189ص
490 0 _aسلسله منشورات المجمع؛64
650 1 7 _aالقران الكريم مصاحففهارس
710 2 _aالمجمع الملكي لبحوث الحضاره الاسلاميه
_eاعداد
942 _2ddc
_cREF
999 _c26844
_d26844